Modernización del Estado para la reactivación y desarrollo de la agricultura

Uloženo v:
Podrobná bibliografie
Hlavní autor: Martínez Nogueira, Roberto
Korporativní autor: Instituto Interamericano de Cooperación para la Agricultura
Médium: Text
Vydáno: s.l.: IICA
Tagy: Přidat tag
Žádné tagy, Buďte první, kdo vytvoří štítek k tomuto záznamu!

MARC

LEADER 00000 a a2200000 04500
001 23101
003
040 |a CRAI/IIS  |c CRAI/IIS 
090 |a 159400  
100 |a Martínez Nogueira, Roberto  
110 |a Instituto Interamericano de Cooperación para la Agricultura  
245 |a Modernización del Estado para la reactivación y desarrollo de la agricultura  
260 |a s.l.:   |b IICA  
300 |a 35 p.  
999 |c 7127  |d 7127